Lettres édifiantes et curieuses concernant l'Asie, l'Afrique et l'Amérique (Record no. 157641)
[ view plain ]
| 000 -LEADER | |
|---|---|
| campo de control de longitud fija | 00975nam a2200193 i 4500 |
| 001 - NÚMERO DE CONTROL | |
| campo de control | 157641 |
| 003 - IDENTIFICADOR DE NÚMERO DE CONTROL | |
| campo de control | ES-MaACL |
| 005 - FECHA Y HORA DE LA ÚLTIMA TRANSACCIÓN | |
| campo de control | 20251117122630.0 |
| 008 - DATOS DE LONGITUD FIJA--INFORMACIÓN GENERAL | |
| campo de control de longitud fija | 040906m18381840fr |||| | fre d |
| 040 ## - FUENTE DE CATALOGACIÓN | |
| Centro catalogador/agencia de origen | CAM |
| Lengua de catalogación | spa |
| Centro/agencia transcriptor | CAM |
| 245 00 - MENCIÓN DEL TÍTULO | |
| Título | Lettres édifiantes et curieuses concernant l'Asie, l'Afrique et l'Amérique |
| Resto del título | : avec quelques relations nouvelles des missions et des notes géographiques et historiques / |
| Mención de responsabilidad, etc. | publiées sous la direction de M.L. Aimé-Martin. |
| 260 ## - PUBLICACIÓN, DISTRIBUCIÓN, ETC. | |
| Lugar de publicación, distribución, etc. | Paris : |
| Nombre del editor, distribuidor, etc. | Auguste Desrez, |
| Fecha de publicación, distribución, etc. | 1838-1840. |
| 300 ## - DESCRIPCIÓN FÍSICA | |
| Extensión | 2 v. (820 ; 807 p.) ; |
| Dimensiones | 27 cm. |
| 505 8# - NOTA DE CONTENIDO CON FORMATO | |
| Nota de contenido con formato | Contiene: Tome 1, Grèce-Turquie-Syrie-Arménie-Perse-Egypte-Amérique septentrionale ; Tome 2, Guyanes-Pérou-Californie-Chili-Paraguay-Brésil-Buenos-Ayres-Indoustan-Bengale-Gingi-Golconde-Maduré-Carnate-Tanjaour-Marhate |
| 610 04 - PUNTO DE ACCESO ADICIONAL DE MATERIA--NOMBRE DE ENTIDAD CORPORATIVA | |
| Nombre de entidad corporativa o nombre de jurisdicción como elemento de entrada | Jesuitas- |
| Subdivisión general | Misiones. |
| 9 (RLIN) | 5357 |
| 700 1# - ENTRADA AGREGADA--NOMBRE PERSONAL | |
| Nombre de persona | Martin, Louis-Aimé, |
| Fechas asociadas al nombre | 1781-1847 |
| 9 (RLIN) | 18977 |
| 852 ## - LOCALIZACIÓN | |
| Ubicación | ES-MaACL |
| Número de control de estantería | G-13769-70 |
| Nota libre | -- Enc. hol. |
| Estatus retirado | Estado de pérdida | Estado de daño | No para préstamo | Colección | Biblioteca de origen | Biblioteca actual | Ubicación en estantería | Fecha de adquisición | Total de préstamos | Signatura topográfica completa | Código de barras | Visto por última vez | Precio de reemplazo | Tipo de ítem Koha |
|---|---|---|---|---|---|---|---|---|---|---|---|---|---|---|
| Libros del s. XIX | Biblioteca del Ateneo de Madrid | Biblioteca del Ateneo de Madrid | Sala Pecera Planta 3 | 17/01/2008 | G-13769-70 | 1164966 | 23/02/2023 | 23/02/2023 | Libro impreso antiguo |
